Exotické ovoce #3 - Statistics

General Stats
  • This quiz has been taken 20 times
  • The average score is 2 of 16
Answer Stats
Picture Answer % Correct
Vodní meloun
84%
Kantalupe
37%
Meloun žlutý
26%
Vodní meloun žlutý
21%
Galia
16%
Honeydew/Canary
16%
Piel de Sapo
16%
Pepino
11%
Arménská okurka
5%
Dino
5%
Hořká okurka
5%
Mexická okurka
5%
Beninkasa
0%
Casaba
0%
Crenshaw
0%
Momordika
0%
No matching quizzes found
Score Distribution
Percent of People with Each Score
Percentile by Number Answered
Your Score History
You have not taken this quiz